000 00403nam a2200169Ia 4500
008 210210b1941 xxu||||| |||| 00| 0 eng d
041 _aeng
082 _a825/80
100 _aBENTLEY (P)
245 _aEnglish regional novel
260 _aLondon
_bGeorbe Allen & Unwin Ltd.
_c1941
650 _aregional
650 _anovel
650 _aEnglish
690 _aEnglish Criticism
906 _a014398
999 _c133575
_d133575